Подробности
| 000 -МАРКЕР |
| контрольное поле |
02080nam0a2200337 4500 |
| 001 - ИДЕНТИФИКАТОР ЗАПИСИ |
| контрольное поле |
RU\NLR\bibl\1095990 |
| 005 - ИДЕНТИФИКАТОР ВЕРСИИ |
| контрольное поле |
20260405151230.0 |
| 010 ## - МЕЖДУНАРОДНЫЙ СТАНДАРТНЫЙ НОМЕР КНИГИ (ISBN) |
| Номер (ISBN) |
5-91308-005-X |
| Тираж |
500 |
| 021 ## - НОМЕР ГОСУДАРСТВЕННОЙ РЕГИСТРАЦИИ |
| Код страны |
российская федерация |
| Номер |
2007-28414 |
| Номер Листа государственной регистраци |
1512 |
| 035 ## - ДРУГИЕ СИСТЕМНЫЕ НОМЕРА |
| Идентификатор записи |
(NLR Aleph) 001083105 |
| 100 ## - ДАННЫЕ ОБЩЕЙ ОБРАБОТКИ |
| Данные общей обработки |
20070608d2006 |||y0rusy50 ca |
| 101 0# - ЯЗЫК РЕСУРСА |
| Язык текста, звукозаписи и т.д. |
русский |
| -- |
латинский |
| Язык основного заглавия |
латинский |
| 102 ## - СТРАНА ПУБЛИКАЦИИ ИЛИ ПРОИЗВОДСТВА |
| Страна публикации |
российская федерация |
| 105 ## - ПОЛЕ КОДИРОВАННЫХ ДАННЫХ: ТЕКСТОВЫЕ МАТЕРИАЛЫ, МОНОГРАФИЧЕСКИЕ |
| Кодированные данные о монографическом текстовом документе |
ac ||||||||| |
| 200 1# - ЗАГЛАВИЕ И СВЕДЕНИЯ ОБ ОТВЕТСТВЕННОСТИ |
| Основное заглавие |
Нет медицины без латинского языка |
| Параллельное заглавие |
Non est medicina sine lingua latina |
| Сведения, относящиеся к заглавию |
учебно-методическое пособие для внеаудиторной работы по дисциплине "Латинский язык и основы медицинской терминологии" |
| Первые сведения об ответственности |
Л.М. Тихонова |
| Последующие сведения об ответственности |
М-во образования и науки Рос. Федерации, Гос. образоват. учреждение высш. проф. образования "Ульян. гос. ун-т", Ин-т медицины, экологии и физ. культуры |
| 210 ## - ПУБЛИКАЦИЯ, РАСПРОСТРАНЕНИЕ И ДР. |
| Место издания, распространения и т.д. |
Ульяновск |
| Имя издателя, распространителя и т. д. |
Вектор-С |
| Дата издания, распространения и т.д. |
2006 |
| 215 ## - ФИЗИЧЕСКАЯ ХАРАКТЕРИСТИКА |
| Специфическое обозначение материала и объем |
163, [1] c. |
| Другие сведения о физической характеристике |
ил., портр. |
| Размеры |
20 |
| 320 ## - ПРИМЕЧАНИЯ О НАЛИЧИИ В ДОКУМЕНТЕ БИБЛИОГРАФИИ / УКАЗАТЕЛЯ |
| Текст примечания |
Список публикаций работ Тихоновой Л.М.: с. 159-160 |
| 510 1# - ПАРАЛЛЕЛЬНОЕ ЗАГЛАВИЕ |
| Связь между полями |
z45790 |
| Параллельное заглавие |
Non est medicina sine lingua latina |
| Язык заглавия |
русский |
| 606 1# - НАИМЕНОВАНИЕ ТЕМЫ КАК ПРЕДМЕТ |
| Наименование темы |
Медицина |
| Формальный подзаголовок |
Учебно-методические пособия |
| Тематический подзаголовок |
Терминология |
| Системный номер авторитетной/нормативной записи |
932848 |
| Идентификатор авторитетной/нормативной записи |
RU\NLR\auth\6625241 |
| 606 1# - НАИМЕНОВАНИЕ ТЕМЫ КАК ПРЕДМЕТ |
| Наименование темы |
Латинский язык |
| Формальный подзаголовок |
Учебно-методические пособия для высших учебных заведений |
| Тематический подзаголовок |
Терминология медицинская |
| Системный номер авторитетной/нормативной записи |
1433942 |
| Идентификатор авторитетной/нормативной записи |
RU\NLR\auth\66606228 |
| 686 ## - ИНДЕКСЫ ДРУГИХ КЛАССИФИКАЦИЙ |
| Индекс |
Р.в3я7 |
| 686 ## - ИНДЕКСЫ ДРУГИХ КЛАССИФИКАЦИЙ |
| Индекс |
Ш146-34 |
| 700 #1 - ИМЯ ЛИЦА - ПЕРВИЧНАЯ ОТВЕТСТВЕННОСТЬ |
| Код отношения |
Автор |
| Материалы, к которым относится поле |
rus |
| Графика поля |
Кириллица |
| Начальный элемент ввода |
Тихонова |
| Часть имени, кроме начального элемента ввода |
Л. М. |
| Дополнения к именам, кроме дат |
педагог |
| Расширение инициалов личного имени |
Лилия Михайловна |
| Идентификатор авторитетной/нормативной записи |
RU\NLR\auth\7753633 |
| Системный номер авторитетной/нормативной записи |
36565 |
| 790 #1 - ИМЯ ЛИЦА - АЛЬТЕРНАТИВНАЯ ФОРМА |
| Код отношения |
Автор |
| Материалы, к которым относится поле |
rus |
| Графика поля |
Латинская |
| Начальный элемент ввода |
Tichonova |
| Часть имени, кроме начального элемента ввода |
L. M. |
| Дополнения к именам, кроме дат |
педагог |
| Расширение инициалов личного имени |
Lilija Michajlovna |
| Идентификатор авторитетной/нормативной записи |
RU\NLR\auth\7762456 |
| Системный номер авторитетной/нормативной записи |
45386 |
| 801 #0 - ИСТОЧНИК ЗАПИСИ |
| Страна |
российская федерация |
| Организация |
NLR |
| Дата составления |
20070608 |
| Правила каталогизации |
RCR |
| 801 #1 - ИСТОЧНИК ЗАПИСИ |
| Страна |
российская федерация |
| Организация |
NLR |
| Дата составления |
20070608 |
| 942 ## - ДОПОЛНИТЕЛЬНЫЕ ЭЛЕМЕНТЫ ЗАПИСИ (АБИС) |
| Тип экземпляра АБИС |
Книга |
| 980 ## - КОЛЛЕКЦИЯ |
| Название коллекции |
Национальная библиография |